MAASAI MARA UNIVERSITY

LIBRARY CATALOGUE

Contact Us: +254 020 2685356/7 or 0774 057787

Box: 861-20500, NAROK, KENYA

Email: info@mmarau.ac.ke

Lysons, Kenneth (Record no. 418)

MARC details
000 -LEADER
fixed length control field 00413nam a2200145Ia 4500
008 - FIXED-LENGTH DATA ELEMENTS--GENERAL INFORMATION
fixed length control field 151015s9999 xx 000 0 und d
050 ## - LIBRARY OF CONGRESS CALL NUMBER
Classification number HF 5437 .M648 2009
245 ## - TITLE STATEMENT
Title Lysons, Kenneth
250 ## - EDITION STATEMENT
Edition statement _Purchasing and supply chain management
260 ## - PUBLICATION, DISTRIBUTION, ETC. (IMPRINT)
Place of publication, distribution, etc. 7th ed.
300 ## - PHYSICAL DESCRIPTION
Extent London Pearson Education Ltd 2009
500 ## - GENERAL NOTE
General note includes index
650 ## - SUBJECT ADDED ENTRY--TOPICAL TERM
Topical term or geographic name as entry element _Purchasing
700 ## - ADDED ENTRY--PERSONAL NAME
Personal name ^d20101216 04:03:45^oTiampati

No items available.

© 2016 Maasai Mara University.